[Event "Quebec op"]
[Site "Laval CAN"]
[Date "2022.09.03"]
[Round "4.5"]
[White "Bluvshtein, Ilia"]
[Black "Chiku-Ratte, Olivier-Kenta"]
[Result "0-1"]
[WhiteElo "2034"]
[BlackElo "2355"]
[PlyCount "72"]
[EventDate "2022.09.01"]
[EventType "swiss"]
[EventRounds "9"]
[EventCountry "CAN"]

1. e4 c6 2. d4 d5 3. Nc3 dxe4 4. Nxe4 Nf6 5. Nxf6+ exf6 6. c3 Bf5 7. Bd3 Bxd3
8. Qxd3 Bd6 9. Qe4+ Qe7 10. Qxe7+ Bxe7 11. Ne2 O-O 12. O-O Nd7 13. Re1 Rfe8 14.
Ng3 g6 15. Bd2 f5 16. c4 b5 17. cxb5 cxb5 18. Kf1 Nb6 19. b3 Ba3 20. Rxe8+ Rxe8
21. Re1 Rc8 22. Re5 a6 23. Ba5 Nd7 24. Re2 Nf6 25. Rd2 Rc1+ 26. Ke2 Nd5 27. f3
Bd6 28. Kf2 Kg7 29. Ne2 Rh1 30. Rc2 f4 31. Bd2 Ra1 32. Bc3 Rd1 33. Bd2 Ra1 34.
Be1 Bb4 35. Bxb4 Nxb4 36. Rc7 Nd3# 0-1

[Event "Quebec op"]
[Site "Laval CAN"]
[Date "2022.09.03"]
[Round "4.6"]
[White "Perez Rodriguez, Luis Manuel"]
[Black "Javidfard, Amirsalar"]
[Result "1-0"]
[WhiteElo "2335"]
[BlackElo "2009"]
[PlyCount "79"]
[EventDate "2022.09.01"]
[EventType "swiss"]
[EventRounds "9"]
[EventCountry "CAN"]

1. e4 c5 2. Nf3 e6 3. c3 d5 4. exd5 exd5 5. d4 Nc6 6. Bb5 Bd6 7. O-O Nf6 8.
dxc5 Bxc5 9. Nd4 O-O 10. Be3 Ng4 11. Nd2 Qb6 12. Bxc6 Nxe3 13. fxe3 bxc6 14. b4
Be7 15. e4 c5 16. bxc5 Bxc5 17. Qa4 Qh6 18. Rf2 Bb7 19. exd5 Bxd5 20. Re1 Rad8
21. Nf1 Bb6 22. Kh1 Rc8 23. Nf5 Qg5 24. Ne7+ Kh8 25. Rd2 Rc4 26. Qd1 Be6 27.
Nd5 Bxd5 28. Rxd5 Qf6 29. Nd2 Rf4 30. c4 Rh4 31. Rh5 Rd4 32. Qe2 g6 33. Re5 Bc7
34. Re4 Rfd8 35. Nf3 Rd3 36. Rf1 Qd6 37. Ne5 Rd2 38. Nxf7+ Kg7 39. Nxd6 Rxe2
40. Rxe2 1-0

[Event "Quebec op"]
[Site "Laval CAN"]
[Date "2022.09.03"]
[Round "4.7"]
[White "Saha, Ananda"]
[Black "Li, William"]
[Result "1-0"]
[WhiteElo "2025"]
[BlackElo "2106"]
[PlyCount "91"]
[EventDate "2022.09.01"]
[EventType "swiss"]
[EventRounds "9"]
[EventCountry "CAN"]

1. d4 Nf6 2. Bg5 d5 3. Bxf6 exf6 4. e3 Be6 5. Nd2 c5 6. dxc5 Bxc5 7. Nb3 Bd6 8.
Nf3 O-O 9. g3 Nc6 10. Bg2 Ne5 11. O-O Nc4 12. Rb1 a5 13. Nbd4 a4 14. Nxe6 fxe6
15. Nd4 Qa5 16. Nxe6 Nd2 17. Nxf8 Bxf8 18. c3 Nxb1 19. Qxd5+ Kh8 20. Rxb1 Bc5
21. Rd1 Rb8 22. Be4 Qc7 23. Qf5 g6 24. Qxf6+ Qg7 25. Rd8+ Rxd8 26. Qxd8+ Qf8
27. Qxf8+ Bxf8 28. Bxb7 Kg7 29. Bc6 a3 30. b4 Kf6 31. Kf1 Kf5 32. Ke2 h5 33.
e4+ Ke5 34. f4+ Kf6 35. e5+ Kf5 36. Kf3 Ke6 37. Ke4 h4 38. g4 h3 39. Be8 g5 40.
f5+ Ke7 41. Bb5 Kd8 42. Bf1 Kc7 43. f6 Kd7 44. Kd5 Bh6 45. e6+ Ke8 46. Bb5+ 1-0

[Event "Quebec op"]
[Site "Laval CAN"]
[Date "2022.09.03"]
[Round "4.8"]
[White "Latorre, Vincent"]
[Black "Wolchock, Theo"]
[Result "1/2-1/2"]
[WhiteElo "1949"]
[BlackElo "2105"]
[PlyCount "131"]
[EventDate "2022.09.01"]
[EventType "swiss"]
[EventRounds "9"]
[EventCountry "CAN"]

1. e4 c5 2. Nf3 Nc6 3. Nc3 e5 4. Bc4 g6 5. d3 h6 6. Nd2 Bg7 7. Nf1 Nf6 8. Ne3
d6 9. O-O O-O 10. a4 Be6 11. Ncd5 Kh7 12. c3 Ne7 13. Nxf6+ Bxf6 14. f4 exf4 15.
Rxf4 Bg5 16. Rf2 d5 17. exd5 Nxd5 18. Nxd5 Bxd5 19. Qb3 Bxc4 20. Qxc4 Qe7 21.
Bxg5 hxg5 22. Raf1 f5 23. d4 cxd4 24. Re2 Qf7 25. Qxd4 Rfe8 26. Rf3 g4 27. Qxg4
Rxe2 28. Rh3+ Kg8 29. Qxe2 Re8 30. Qd2 Qe6 31. Rd3 Kh7 32. Rd7+ Re7 33. Rxe7+
Qxe7 34. b4 b6 35. h3 Qe5 36. Qd4 Qe1+ 37. Kh2 f4 38. Qxf4 Qxc3 39. b5 Qc5 40.
Qb8 Qe7 41. Qf4 Qc5 42. h4 Qe7 43. g3 Qe2+ 44. Kh3 Qe6+ 45. Qg4 Qd5 46. Qe2
Qf5+ 47. Kh2 Qd5 48. Qe7+ Kh6 49. Qe3+ Kh7 50. Qf4 Qe6 51. g4 Qe2+ 52. Kg3 Qe1+
53. Qf2 Qe5+ 54. Kh3 Qd5 55. Qe3 Qf7 56. g5 Qd7+ 57. Kg3 Qd6+ 58. Qf4 Qd3+ 59.
Kf2 Qc2+ 60. Ke1 Qb1+ 61. Kd2 Qb2+ 62. Ke1 Qb1+ 63. Ke2 Qc2+ 64. Ke3 Qc1+ 65.
Kf3 Qd1+ 66. Kf2 1/2-1/2

[Event "Quebec op"]
[Site "Laval CAN"]
[Date "2022.09.03"]
[Round "4.9"]
[White "Kapush, Oleksandr"]
[Black "Nunez-Painchaud, Raphael"]
[Result "1/2-1/2"]
[WhiteElo "1731"]
[BlackElo "2091"]
[PlyCount "71"]
[EventDate "2022.09.01"]
[EventType "swiss"]
[EventRounds "9"]
[EventCountry "CAN"]

1. e4 c5 2. c3 d5 3. exd5 Nf6 4. d4 cxd4 5. Qxd4 Qxd5 6. Qxd5 Nxd5 7. Bc4 Nb6
8. Bb3 N8d7 9. Nf3 e6 10. Bf4 Be7 11. Nbd2 Nc5 12. Bc2 O-O 13. O-O-O Nd5 14.
Bg3 Rd8 15. Ne4 Nxe4 16. Bxe4 Nf6 17. Rxd8+ Bxd8 18. Rd1 Be7 19. Bc2 Bd7 20.
Ne5 Be8 21. f3 Rc8 22. Bf2 a6 23. f4 g6 24. g3 Rd8 25. Rxd8 Bxd8 26. c4 h6 27.
Kd2 Ba5+ 28. Kd3 Nd7 29. Nxd7 Bxd7 30. Kd4 Bb6+ 31. c5 Bc7 32. b4 Bc6 33. a4 f5
34. Kc4 Bd5+ 35. Kd4 Bc6 36. Kc4 1/2-1/2

[Event "Quebec op"]
[Site "Laval CAN"]
[Date "2022.09.03"]
[Round "4.10"]
[White "Turcotte, Jonathan"]
[Black "Han, Johnathan"]
[Result "0-1"]
[WhiteElo "1940"]
[BlackElo "2074"]
[PlyCount "80"]
[EventDate "2022.09.01"]
[EventType "swiss"]
[EventRounds "9"]
[EventCountry "CAN"]

1. d4 Nf6 2. c4 e6 3. Nf3 b6 4. g3 Bb7 5. Bg2 Be7 6. O-O O-O 7. Re1 Na6 8. a3
d5 9. cxd5 exd5 10. Nc3 c5 11. Bf4 Ne4 12. Rc1 Bf6 13. e3 Re8 14. h4 Nc7 15.
Be5 Ne6 16. Bxf6 Qxf6 17. dxc5 N6xc5 18. Qc2 Rac8 19. Red1 Red8 20. Nd4 g6 21.
Qe2 Ba6 22. Ncb5 Qe5 23. b4 Na4 24. Qe1 Nb2 25. Rxc8 Rxc8 26. f4 Qe7 27. Rc1
Rxc1 28. Qxc1 Nc4 29. Nc6 Qe8 30. Nbxa7 Nxg3 31. Kh2 Ne2 32. Qe1 Qxe3 33. Bxd5
Qxf4+ 34. Kh1 Qg4 35. Kh2 Ne3 36. Bxf7+ Kg7 37. Qf2 Nf1+ 38. Qxf1 Qg3+ 39. Kh1
Qxh4+ 40. Kg2 Nf4+ 0-1

[Event "Quebec op"]
[Site "Laval CAN"]
[Date "2022.09.03"]
[Round "4.11"]
[White "Malek, Omid"]
[Black "Adam, Rafael"]
[Result "1/2-1/2"]
[WhiteElo "2033"]
[BlackElo "1864"]
[PlyCount "139"]
[EventDate "2022.09.01"]
[EventType "swiss"]
[EventRounds "9"]
[EventCountry "CAN"]

1. d4 Nf6 2. Bf4 d5 3. Nf3 e6 4. e3 Be7 5. Nbd2 Nbd7 6. h3 c5 7. c3 b6 8. Bb5
Bb7 9. Ne5 a6 10. Nc6 Bxc6 11. Bxc6 Ra7 12. Ba4 O-O 13. Bc2 Re8 14. O-O Nf8 15.
Qe2 Ng6 16. Bg3 Bd6 17. Bxd6 Qxd6 18. f4 cxd4 19. cxd4 Rc7 20. Bd3 a5 21. g4
Nf8 22. g5 N6d7 23. Nf3 f6 24. gxf6 gxf6 25. Kh1 f5 26. Rg1+ Kh8 27. Rg5 Ng6
28. Rag1 Rg8 29. h4 Qf8 30. h5 Qh6 31. Qh2 Ne7 32. Bb5 Nf6 33. Ne5 Nc8 34. Bd7
Nd6 35. Bxe6 Re8 36. Bxf5 Nfe4 37. Bxe4 Nxe4 38. R5g2 Qf6 39. h6 Qf5 40. Qh4
Rce7 41. Kh2 Re6 42. Rg7 Nd6 43. R1g5 Qc2+ 44. Rg2 Qf5 45. R7g5 Qf6 46. Qg3
Qxh6+ 47. Kg1 Qf8 48. Qg4 Rh6 49. Nd7 Qf7 50. Rg7 Qe6 51. Qxe6 Rhxe6 52. Ne5
Rc8 53. R7g3 Rc1+ 54. Kh2 Rh6+ 55. Rh3 Rh1+ 56. Kxh1 Rxh3+ 57. Kg1 h6 58. Rg6
Nf5 59. Rxb6 Rxe3 60. Rf6 Nxd4 61. Rxh6+ Kg7 62. Rg6+ Kh7 63. Rb6 Re4 64. Ng4
Kg7 65. Nf6 Re1+ 66. Kf2 Re2+ 67. Kf1 Rd2 68. Nxd5 Nf3 69. Ne3 Nh2+ 70. Ke1
1/2-1/2

[Event "Quebec op"]
[Site "Laval CAN"]
[Date "2022.09.03"]
[Round "4.12"]
[White "Guillemette, Hugo"]
[Black "Chipanga, Takaedza"]
[Result "0-1"]
[WhiteElo "1750"]
[BlackElo "2012"]
[PlyCount "100"]
[EventDate "2022.09.01"]
[EventType "swiss"]
[EventRounds "9"]
[EventCountry "CAN"]

1. e4 e5 2. Nf3 Nc6 3. Bb5 a6 4. Ba4 Nf6 5. O-O Be7 6. Re1 b5 7. Bb3 d6 8. c3
O-O 9. d4 Bb7 10. Nbd2 h6 11. Nf1 Re8 12. Ng3 Bf8 13. dxe5 dxe5 14. Qe2 Na5 15.
Bc2 g6 16. Be3 Nc4 17. Rad1 Qc8 18. Bc1 Bg7 19. b3 Nb6 20. h3 c5 21. Be3 Qc7
22. Rd2 Rad8 23. Red1 Rxd2 24. Qxd2 Kh7 25. Nh2 Re7 26. f3 Rd7 27. Qf2 Rxd1+
28. Bxd1 Qd6 29. Be2 Nbd7 30. Nhf1 Kg8 31. Nd2 Ne8 32. Bf1 Nc7 33. c4 b4 34. f4
exf4 35. Bxf4 Be5 36. Bxe5 Nxe5 37. Nf3 Ne6 38. Nh2 Qd4 39. Nf3 Qd6 40. Nh2 Ng5
41. Kh1 Kg7 42. Qf4 Nxc4 43. Qxd6 Nxd6 44. e5 Nb5 45. Bxb5 axb5 46. Ng4 Nxh3
47. Nf6 Nf4 48. Nge4 c4 49. bxc4 Bxe4 50. Nxe4 bxc4 0-1

[Event "Quebec op"]
[Site "Laval CAN"]
[Date "2022.09.03"]
[Round "4.13"]
[White "Jiang, Barron Jiyu"]
[Black "Wiebe, Isaac"]
[Result "1/2-1/2"]
[WhiteElo "1603"]
[BlackElo "2010"]
[PlyCount "172"]
[EventDate "2022.09.01"]
[EventType "swiss"]
[EventRounds "9"]
[EventCountry "CAN"]

1. e4 e5 2. Nf3 Nc6 3. d4 exd4 4. Nxd4 Bc5 5. Nb3 Bb6 6. Nc3 Nge7 7. Be2 O-O 8.
O-O d6 9. Nd5 Nxd5 10. exd5 Ne5 11. a4 a5 12. Nd4 Qh4 13. Nf3 Nxf3+ 14. Bxf3
Bf5 15. Be3 Bxe3 16. fxe3 Rfe8 17. Ra3 Re7 18. Qd4 Qxd4 19. exd4 Bxc2 20. Rc1
Be4 21. Bxe4 Rxe4 22. Rxc7 Rxd4 23. Rb3 g6 24. Rbxb7 Rf8 25. b3 Rxd5 26. Rd7
Rd2 27. h4 Rd4 28. g3 Rd2 29. g4 Rc8 30. Rxf7 Rc1+ 31. Rf1 Rxf1+ 32. Kxf1 Rd4
33. g5 Rxh4 34. Rb5 Rh3 35. Ke2 h5 36. gxh6 Kh7 37. Kd2 Kxh6 38. Kc2 Rh5 39. b4
Rh4 40. Kb3 axb4 41. Rxb4 Rh3+ 42. Kc4 Ra3 43. Kb5 g5 44. Rd4 Kh5 45. Rxd6 g4
46. Rd8 g3 47. Rg8 Kh4 48. a5 Kh3 49. a6 g2 50. Kb6 Rg3 51. Rxg3+ Kxg3 52. Kb7
g1=Q 53. a7 Qh1+ 54. Kb8 Qh8+ 55. Kb7 Qb2+ 56. Ka8 Qe5 57. Kb7 Qd5+ 58. Kb8
Qd6+ 59. Kb7 Qd7+ 60. Kb8 Qb5+ 61. Ka8 Qa6 62. Kb8 Qb6+ 63. Ka8 Qe6 64. Kb7
Qb3+ 65. Ka8 Qf7 66. Kb8 Qf4+ 67. Kb7 Qe4+ 68. Kb8 Qb1+ 69. Ka8 Qf1 70. Kb8
Qf8+ 71. Kb7 Qe7+ 72. Kb8 Qd8+ 73. Kb7 Qd7+ 74. Kb8 Kf4 75. a8=Q Qd6+ 76. Kb7
Qb4+ 77. Ka7 Qa5+ 78. Kb8 Qd8+ 79. Ka7 Qd4+ 80. Kb8 Ke5 81. Qa5+ Ke6 82. Qa6+
Kf5 83. Qb5+ Kf6 84. Qc6+ Ke7 85. Qc7+ Ke8 86. Qc8+ Qd8 1/2-1/2

[Event "Quebec op"]
[Site "Laval CAN"]
[Date "2022.09.03"]
[Round "4.14"]
[White "Batorshyn, Ilia"]
[Black "Latreille, Etienne"]
[Result "0-1"]
[WhiteElo "1909"]
[BlackElo "1680"]
[PlyCount "80"]
[EventDate "2022.09.01"]
[EventType "swiss"]
[EventRounds "9"]
[EventCountry "CAN"]

1. d4 d5 2. c4 c6 3. Nc3 Nf6 4. Nf3 a6 5. a4 e6 6. Bg5 Be7 7. e3 a5 8. Bd3 Na6
9. O-O Nb4 10. Qe2 O-O 11. Rad1 Nxd3 12. Qxd3 b6 13. b3 Ba6 14. Ne5 Rc8 15. Qc2
Nd7 16. Bxe7 Qxe7 17. Nxd7 Qxd7 18. Qa2 Qe7 19. Rc1 Qb4 20. Nb1 Rfd8 21. Rfd1
Rb8 22. Qa3 dxc4 23. bxc4 c5 24. d5 exd5 25. cxd5 Rd6 26. Qxb4 axb4 27. e4 c4
28. Rd4 Rc8 29. e5 Rdd8 30. f4 Rc5 31. d6 Ra5 32. Nd2 Rxa4 33. f5 Bc8 34. Nxc4
b3 35. Rd2 Bxf5 36. Nxb6 Ra5 37. d7 Kf8 38. Rc8 Ke7 39. Nd5+ Rxd5 40. Rxd5 b2
0-1

[Event "Quebec op"]
[Site "Laval CAN"]
[Date "2022.09.03"]
[Round "4.15"]
[White "Landry, Sylvain"]
[Black "Cossette, Daniel"]
[Result "0-1"]
[WhiteElo "1764"]
[BlackElo "2026"]
[PlyCount "86"]
[EventDate "2022.09.01"]
[EventType "swiss"]
[EventRounds "9"]
[EventCountry "CAN"]

1. e4 c5 2. Nf3 Nc6 3. d4 cxd4 4. Nxd4 g6 5. c4 Bg7 6. Be3 Nf6 7. Nc3 O-O 8.
Be2 d6 9. h3 Nd7 10. O-O Nc5 11. Rc1 Bd7 12. Qd2 a6 13. Rfd1 Ne6 14. Nb3 f5 15.
exf5 gxf5 16. Nd5 f4 17. Nxf4 Nxf4 18. Bxf4 Be6 19. Qe3 Bf7 20. Bh6 Ne5 21.
Bxg7 Kxg7 22. Nd4 Kh8 23. f4 Ng6 24. Qc3 Qb6 25. Kh1 e5 26. fxe5 dxe5 27. Nf3
Rae8 28. Ng5 Nf4 29. Nxf7+ Rxf7 30. Bf3 Qf6 31. Rf1 Rg7 32. Rc2 Qh4 33. Bd5 Qh5
34. Qf3 Qh4 35. Qe3 Ree7 36. Rcf2 Rg3 37. Rf3 Rxg2 38. Rxf4 exf4 39. Qd4+ Rgg7
40. Bg2 Qg5 41. Qd8+ Rg8 42. Qd4+ Reg7 43. Bxb7 Qg3 0-1

[Event "Quebec op"]
[Site "Laval CAN"]
[Date "2022.09.03"]
[Round "4.16"]
[White "Chapdelaine, Gwyn"]
[Black "Mercure, Gilbert"]
[Result "1-0"]
[WhiteElo "1873"]
[BlackElo "1722"]
[PlyCount "123"]
[EventDate "2022.09.01"]
[EventType "swiss"]
[EventRounds "9"]
[EventCountry "CAN"]

1. e4 d5 2. exd5 Nf6 3. Nc3 Nxd5 4. Nf3 Bf5 5. Bc4 e6 6. O-O Nxc3 7. bxc3 Nd7
8. d4 h6 9. d5 e5 10. Re1 Bd6 11. Bf4 Bg4 12. Bb5 Bxf3 13. Qxf3 Qf6 14. Bxd7+
Kxd7 15. Qg4+ Kd8 16. Bg3 Re8 17. Rab1 b6 18. Re3 g5 19. Rbe1 Qg7 20. Kh1 f6
21. f4 h5 22. Qe2 h4 23. fxe5 fxe5 24. Bxe5 Qxe5 25. Rxe5 Rxe5 26. Qxe5 Bxe5
27. Rxe5 Kd7 28. Rxg5 Re8 29. Kg1 Re2 30. Rg4 h3 31. gxh3 Rxc2 32. a4 Rc1+ 33.
Kf2 Rc2+ 34. Kg3 Rxc3+ 35. Kh4 Rc2 36. Kg5 Ke7 37. Rf4 Rxh2 38. h4 Rg2+ 39. Kh6
Rd2 40. Rf5 Rd4 41. h5 Rxa4 42. Rg5 Rf4 43. Rg7+ Rf7 44. Kg6 Rxg7+ 45. Kxg7 a5
46. h6 a4 47. h7 Kd6 48. h8=Q Kxd5 49. Qd8+ Kc6 50. Qe8+ Kc5 51. Qxa4 b5 52.
Qb3 b4 53. Kf6 Kb5 54. Ke5 c6 55. Kd6 c5 56. Kd5 c4 57. Qxc4+ Ka4 58. Kd4 Ka3
59. Kd3 b3 60. Qc3 Ka2 61. Qd2+ b2 62. Kc3 1-0

[Event "Quebec op"]
[Site "Laval CAN"]
[Date "2022.09.03"]
[Round "4.17"]
[White "Jacquet, Stephane"]
[Black "Goldner, John"]
[Result "1-0"]
[WhiteElo "1862"]
[BlackElo "1684"]
[PlyCount "81"]
[EventDate "2022.09.01"]
[EventType "swiss"]
[EventRounds "9"]
[EventCountry "CAN"]

1. d4 d5 2. c4 e6 3. Nc3 c5 4. cxd5 exd5 5. Nf3 Nf6 6. g3 Nc6 7. Bg2 Be7 8. O-O
O-O 9. h3 Re8 10. Be3 Ne4 11. dxc5 Nxc3 12. bxc3 Be6 13. Nd4 Rc8 14. Rb1 Qd7
15. Nxe6 fxe6 16. Qa4 Bf6 17. Rb3 Rc7 18. Rfb1 Re7 19. Kh2 a6 20. c4 d4 21. Bf4
e5 22. Bd5+ Kh8 23. Bc1 g6 24. Ba3 Nd8 25. c6 Qf5 26. Bxe7 Qxf2+ 27. Bg2 b5 28.
Bxf6+ Qxf6 29. cxb5 axb5 30. Qxb5 Rxc6 31. Bxc6 Nxc6 32. Rf3 Qd6 33. Rbf1 Nd8
34. Qe8+ Kg7 35. Rf7+ Nxf7 36. Qxf7+ Kh6 37. Qf8+ Qxf8 38. Rxf8 Kg7 39. Rf1 g5
40. a4 e4 41. a5 1-0

[Event "Quebec op"]
[Site "Laval CAN"]
[Date "2022.09.03"]
[Round "4.18"]
[White "Zhang, Brian"]
[Black "Mok, Yuen Tak"]
[Result "0-1"]
[WhiteElo "1526"]
[BlackElo "1795"]
[PlyCount "72"]
[EventDate "2022.09.01"]
[EventType "swiss"]
[EventRounds "9"]
[EventCountry "CAN"]

1. e4 c6 2. Nc3 d5 3. Nf3 Bg4 4. h3 Bxf3 5. Qxf3 e6 6. Be2 Bc5 7. Qg3 Bd4 8.
O-O Nd7 9. Re1 Ne7 10. d3 O-O 11. Nd1 Ng6 12. c3 Bf6 13. Bf1 e5 14. Qf3 dxe4
15. dxe4 Nc5 16. Ne3 Qc7 17. b4 Ne6 18. Bb2 Ng5 19. Qg4 Nf4 20. Nf5 h5 21. Qd1
g6 22. Qd6 Qd8 23. Qxd8 Raxd8 24. Ng3 h4 25. Nh1 Rd2 26. Rab1 Nfxh3+ 27. gxh3
Nf3+ 28. Kg2 Nxe1+ 29. Rxe1 Rxb2 30. Bc4 Rd8 31. Kg1 Rdd2 32. Re3 Rd1+ 33. Kg2
Rbb1 34. Rf3 Rg1+ 35. Kh2 Rxh1+ 36. Kg2 Rbg1# 0-1

[Event "Quebec op"]
[Site "Laval CAN"]
[Date "2022.09.03"]
[Round "4.19"]
[White "Eltafi, Ali Sina"]
[Black "Nica, Ion"]
[Result "0-1"]
[WhiteElo "1179"]
[BlackElo "1674"]
[PlyCount "74"]
[EventDate "2022.09.01"]
[EventType "swiss"]
[EventRounds "9"]
[EventCountry "CAN"]

1. e4 d6 2. d4 Nf6 3. Nc3 Nbd7 4. Nf3 e5 5. d5 Be7 6. Be2 O-O 7. O-O Nc5 8. Nd2
a5 9. a4 Bd7 10. Re1 Qc8 11. Bf1 Ne8 12. Nf3 f5 13. Be3 Nxe4 14. Nxe4 fxe4 15.
Ng5 Nf6 16. Bb5 c6 17. Bc4 b5 18. dxc6+ bxc4 19. cxd7 Qxd7 20. Nxe4 d5 21.
Nxf6+ Bxf6 22. c3 d4 23. cxd4 exd4 24. Bf4 d3 25. Qd2 Bxb2 26. Qxb2 Rxf4 27.
Qe5 Raf8 28. Qxa5 Rxf2 29. Qc5 R2f4 30. Re7 Qd4+ 31. Qxd4 Rxd4 32. a5 d2 33.
Rd1 Rc8 34. Kf2 c3 35. Ke2 c2 36. a6 cxd1=Q+ 37. Kxd1 Rc1+ 0-1

[Event "Quebec op"]
[Site "Laval CAN"]
[Date "2022.09.03"]
[Round "4.20"]
[White "Rodriguez, Aaron"]
[Black "Ang, Alan"]
[Result "0-1"]
[WhiteElo "1894"]
[BlackElo "1921"]
[PlyCount "98"]
[EventDate "2022.09.01"]
[EventType "swiss"]
[EventRounds "9"]
[EventCountry "CAN"]

1. e4 g6 2. d4 Bg7 3. Bc4 d6 4. Be3 Nf6 5. Nc3 O-O 6. Qd2 Ng4 7. Bg5 h6 8. Bh4
c5 9. dxc5 g5 10. Bg3 dxc5 11. O-O-O Qxd2+ 12. Rxd2 Nc6 13. Nf3 Na5 14. Be2
Bxc3 15. bxc3 Be6 16. e5 f6 17. h3 Nxe5 18. Nxe5 fxe5 19. Bxe5 Nc6 20. Bg3 Rad8
21. h4 Rxd2 22. Kxd2 g4 23. h5 Bxa2 24. Bxg4 Bd5 25. Be2 Rd8 26. Ke3 a6 27. Bf4
Kg7 28. Rh3 c4 29. Rg3+ Kh7 30. Rg6 a5 31. Rxh6+ Kg7 32. Rg6+ Kh7 33. Rg3 a4
34. Rh3 Bxg2 35. Rg3 Bd5 36. Bg4 e6 37. h6 a3 38. Rg1 Rg8 39. f3 b5 40. Bd6 a2
41. Ra1 Ra8 42. Kf4 Kxh6 43. Rh1+ Kg6 44. Bh5+ Kf6 45. Ra1 Ra4 46. Be8 Na5 47.
Rg1 e5+ 48. Ke3 a1=Q 49. Rg6+ Kf5 0-1

[Event "Quebec op"]
[Site "Laval CAN"]
[Date "2022.09.03"]
[Round "4.21"]
[White "Ber, Yves"]
[Black "Laroche, Hugo"]
[Result "1/2-1/2"]
[WhiteElo "1964"]
[BlackElo "1696"]
[PlyCount "52"]
[EventDate "2022.09.01"]
[EventType "swiss"]
[EventRounds "9"]
[EventCountry "CAN"]

1. Nf3 d5 2. d4 Bf5 3. e3 e6 4. Bd3 Bg6 5. Ne5 Bd6 6. b3 Nd7 7. Nxd7 Qxd7 8.
Bb2 Nf6 9. f3 a6 10. Nc3 c5 11. Na4 Qc7 12. dxc5 Bxc5 13. Nxc5 Qxc5 14. Bd4
Qa5+ 15. Qd2 Qxd2+ 16. Kxd2 Ke7 17. Bxg6 hxg6 18. h3 Rac8 19. Bb2 Rc6 20. Rac1
Rhc8 21. g4 g5 22. h4 gxh4 23. Rxh4 g6 24. Ba3+ Kd8 25. Bb2 Kd7 26. Ba3 Kd8
1/2-1/2

[Event "Quebec op"]
[Site "Laval CAN"]
[Date "2022.09.04"]
[Round "5.1"]
[White "Migot, Tangi"]
[Black "Sambuev, Bator"]
[Result "1/2-1/2"]
[WhiteElo "2356"]
[BlackElo "2436"]
[PlyCount "177"]
[EventDate "2022.09.01"]
[EventType "swiss"]
[EventRounds "9"]
[EventCountry "CAN"]

1. e4 c5 2. Nf3 d6 3. c3 Nf6 4. h3 e6 5. Bd3 Be7 6. O-O O-O 7. Re1 b6 8. Bc2
Nbd7 9. d4 e5 10. a4 Bb7 11. d5 Ne8 12. Na3 g6 13. Bh6 Ng7 14. a5 Nf6 15. b4
Kh8 16. axb6 axb6 17. Nc4 Ng8 18. Rxa8 Bxa8 19. Bxg7+ Kxg7 20. bxc5 bxc5 21.
Qa1 f5 22. Qa6 fxe4 23. Bxe4 Qc7 24. Nb6 Bb7 25. Qa7 Bd8 26. Rb1 Rf7 27. Nc4
Bc8 28. Qa8 Be7 29. Rb6 Bf5 30. Bxf5 Rf8 31. Qb7 Qxb7 32. Rxb7 gxf5 33. Nxd6
Kf6 34. Rb6 f4 35. Nc4+ Kf5 36. Ncxe5 Ra8 37. Rb1 Bf6 38. Nd7 Bxc3 39. Nxc5 Ra5
40. Nb3 Rxd5 41. Rc1 Bf6 42. Rc5 Ne7 43. Kf1 Rxc5 44. Nxc5 Nd5 45. Ke2 Nb4 46.
Nd3 Nc6 47. Kd2 Ke4 48. Nc5+ Kd5 49. Nb3 Ke4 50. Ke2 Nb4 51. Nc5+ Kf5 52. Kd2
Bg7 53. Nh4+ Kg5 54. Nf3+ Kf5 55. Ke2 Bf6 56. Ne1 Bc3 57. Ned3 Nc6 58. Nb3 Be5
59. Kf3 Bd6 60. Ne1 Bb4 61. Nc2 Bc3 62. g4+ fxg3 63. Ne3+ Kg6 64. Kxg3 Be5+ 65.
f4 Bc7 66. Kg4 Ne7 67. Nd2 Bb6 68. f5+ Kf7 69. Nec4 Bc7 70. Ne4 Nd5 71. Kg5
Bf4+ 72. Kg4 Bc7 73. Ng5+ Kg8 74. Kf3 Nf6 75. Ne3 Bb8 76. Ng4 Kg7 77. Ne6+ Kf7
78. Nd8+ Kg7 79. Ne6+ Kf7 80. Nxf6 Kxf6 81. Ke4 Bd6 82. Nd4 Bc5 83. Nf3 Bd6 84.
Nd4 Bc5 85. Ne2 Bd6 86. Nf4 Kg5 87. Ne6+ Kf6 88. Nf4 Kg5 89. Ne6+ 1/2-1/2

[Event "Quebec op"]
[Site "Laval CAN"]
[Date "2022.09.04"]
[Round "5.2"]
[White "Vera, Reynaldo"]
[Black "Chiku-Ratte, Olivier-Kenta"]
[Result "0-1"]
[WhiteElo "2402"]
[BlackElo "2355"]
[PlyCount "134"]
[EventDate "2022.09.01"]
[EventType "swiss"]
[EventRounds "9"]
[EventCountry "CAN"]

1. Nf3 d5 2. e3 Nf6 3. c4 e6 4. Nc3 c6 5. b3 Bd6 6. Bb2 O-O 7. d4 Nbd7 8. Qc2
Qe7 9. Be2 b6 10. O-O Bb7 11. Rad1 Rfe8 12. e4 dxe4 13. Nxe4 Nxe4 14. Qxe4 Nf6
15. Qc2 c5 16. dxc5 Bxc5 17. Ng5 e5 18. Bh5 g6 19. Bf3 Bxf3 20. Nxf3 e4 21.
Rfe1 Ng4 22. Bd4 Bxd4 23. Rxd4 f5 24. h3 Nf6 25. Qd2 Qc7 26. Ng5 Rad8 27. Rd1
Rxd4 28. Qxd4 Qe7 29. h4 e3 30. fxe3 Qxe3+ 31. Qxe3 Rxe3 32. Rd6 Kg7 33. Re6
Ng4 34. Rxe3 Nxe3 35. Ne6+ Kf6 36. Nd4 a6 37. Kf2 Nd1+ 38. Kf3 Nc3 39. a4 Ne4
40. Ke3 Nc5 41. b4 Nxa4 42. Nc6 Ke6 43. Kd4 Nb2 44. c5 bxc5+ 45. bxc5 Nd1 46.
Nd8+ Kd7 47. Nb7 f4 48. Ke4 Kc6 49. Na5+ Kxc5 50. Kxf4 h6 51. g3 Kd5 52. Nb3
Nc3 53. g4 Ne4 54. Na5 Nd6 55. Nb3 Nc4 56. g5 h5 57. Nc1 Nd6 58. Na2 a5 59.
Nc3+ Kd4 60. Ne2+ Kd3 61. Nc1+ Kc2 62. Ne2 Nf5 63. Ke5 a4 64. Nf4 Nxh4 65. Nd5
a3 66. Nb4+ Kb3 67. Nd3 a2 0-1

[Event "Quebec op"]
[Site "Laval CAN"]
[Date "2022.09.04"]
[Round "5.3"]
[White "Robichaud, Louis"]
[Black "Perez Rodriguez, Luis Manuel"]
[Result "0-1"]
[WhiteElo "2026"]
[BlackElo "2335"]
[PlyCount "50"]
[EventDate "2022.09.01"]
[EventType "swiss"]
[EventRounds "9"]
[EventCountry "CAN"]

1. e4 e5 2. f4 exf4 3. Nf3 Ne7 4. d4 d5 5. Qe2 Nbc6 6. exd5 Qxd5 7. Nc3 Qa5 8.
Bxf4 Bg4 9. d5 Nb4 10. Bxc7 Qxc7 11. Qb5+ Nec6 12. dxc6 O-O-O 13. Qxb7+ Qxb7
14. cxb7+ Kxb7 15. Bd3 Nxd3+ 16. cxd3 Rxd3 17. Ke2 Rd8 18. Rhd1 Bd6 19. h3 Be6
20. Rd4 Rhe8 21. Kf1 Bc5 22. Re4 f5 23. Ra4 h6 24. Rd1 Rxd1+ 25. Nxd1 Bd7 0-1

[Event "Quebec op"]
[Site "Laval CAN"]
[Date "2022.09.04"]
[Round "5.4"]
[White "Han, Johnathan"]
[Black "Saha, Ananda"]
[Result "1-0"]
[WhiteElo "2074"]
[BlackElo "2025"]
[PlyCount "85"]
[EventDate "2022.09.01"]
[EventType "swiss"]
[EventRounds "9"]
[EventCountry "CAN"]

1. e4 e6 2. d4 d5 3. Nc3 Nf6 4. e5 Nfd7 5. f4 c5 6. Nf3 Nc6 7. Be3 a6 8. Qd2 b5
9. dxc5 Bxc5 10. Bd3 Qb6 11. Bf2 Bxf2+ 12. Qxf2 Qxf2+ 13. Kxf2 Nc5 14. Ne2 Bd7
15. Ned4 Nb4 16. Rhd1 Rc8 17. a3 Nbxd3+ 18. cxd3 Ke7 19. Ke3 a5 20. Rdc1 Na4
21. b3 Nb6 22. Nd2 h6 23. g4 f6 24. N2f3 Rhd8 25. h4 Rxc1 26. Rxc1 Rc8 27. Rg1
a4 28. bxa4 Nxa4 29. exf6+ gxf6 30. g5 hxg5 31. hxg5 fxg5 32. Rxg5 Kf6 33. Ne5
Be8 34. Rg8 Nc3 35. Rh8 Kg7 36. Rh1 Na4 37. Nxe6+ Kf6 38. Nd4 Ke7 39. Rh6 Nc3
40. f5 Nd1+ 41. Kd2 Nc3 42. f6+ Kd8 43. Ne6# 1-0

[Event "Quebec op"]
[Site "Laval CAN"]
[Date "2022.09.04"]
[Round "5.5"]
[White "Nunez-Painchaud, Raphael"]
[Black "Zheng, Richard"]
[Result "1/2-1/2"]
[WhiteElo "2091"]
[BlackElo "2147"]
[PlyCount "110"]
[EventDate "2022.09.01"]
[EventType "swiss"]
[EventRounds "9"]
[EventCountry "CAN"]

1. d4 d5 2. Nf3 Nf6 3. c4 c6 4. e3 Bf5 5. Bd3 Bxd3 6. Qxd3 e6 7. O-O Ne4 8.
Nfd2 Nxd2 9. Nxd2 Nd7 10. e4 dxe4 11. Nxe4 Nf6 12. Re1 Be7 13. Bf4 O-O 14. Be5
Nxe4 15. Qxe4 Bf6 16. Rad1 Qe7 17. Bxf6 Qxf6 18. Qe5 Rad8 19. Qxf6 gxf6 20. d5
cxd5 21. cxd5 Rxd5 22. Rxd5 exd5 23. Re7 Rc8 24. g3 d4 25. Rxb7 d3 26. Rd7 Rc2
27. Rxd3 Rxb2 28. Ra3 Rb7 29. Ra5 Kg7 30. Kg2 Kg6 31. g4 Rc7 32. Kg3 Rc3+ 33.
f3 Rc7 34. h4 h6 35. a3 Rb7 36. a4 Rc7 37. Kf2 Re7 38. Kg2 Rd7 39. Kg3 Rb7 40.
h5+ Kg7 41. Kf4 Rb4+ 42. Kf5 Rb3 43. Ke4 Rb4+ 44. Kd3 Rb3+ 45. Ke2 Rb2+ 46. Ke3
Rb3+ 47. Kf4 Rb4+ 48. Kg3 Rb7 49. Rf5 Rb6 50. a5 Re6 51. Kf4 Kf8 52. Rb5 Kg8
53. Rb7 Ra6 54. Rb5 Re6 55. Rb7 Ra6 1/2-1/2